| 000 | 01067cam a22003135a 4500 | ||
|---|---|---|---|
| 001 | L160240 | ||
| 008 | 190517s2019 xxk f 000 0 eng d | ||
| 020 | _a9780429461507 | ||
| 035 | _a(Sirsi) u160240 | ||
| 041 | 0 | _aeng | |
| 050 | 0 | 4 | _a711.14 |
| 100 | 1 | _aDenyer-Green, Barry | |
| 245 | 0 | 0 |
_aCompulsory purchase and compensation _h[electronic resource] |
| 250 | _a11th ed. | ||
| 260 |
_aAbingdon _bRoutledge _c2019 |
||
| 520 | _aConsiders compulsory purchase powers, how those powers can be exercised and compensation for compulsory purchase. Refers to case law. | ||
| 520 | _aSupersedes 10th ed. (ISBN 9780415629928) | ||
| 521 | _aAdvanced | ||
| 590 | _aNTK | ||
| 650 | 2 | 4 | _aLAND COMPENSATION ACT 1961 |
| 650 | 2 | 4 | _aLOCALISM ACT 2011 |
| 650 | 2 | 4 | _aHOUSING AND PLANNING ACT 2016 |
| 650 | 2 | 4 | _aNEIGHBOURHOOD PLANNING ACT 2017 |
| 650 | 2 | 4 | _aEBOOK |
| 651 | 4 | _aEngland and Wales | |
| 690 |
_aPlanning and development _96259 |
||
| 856 | 4 | 8 |
_uhttps://www.vlebooks.com/ _zView on VLEbooks. Logins for members only from [email protected] |
| 942 | _n0 | ||
| 999 |
_c116292 _d116292 |
||